good kid, m.A.A.d city - Kendrick Lamar - Statistics

General Stats
  • This quiz has been taken 86 times
    56 since last reset
  • The average score is 12 of 15
Answer Stats
Songs Plays Artists % Correct
Good Kid 125,752,506 Kendrick Lamar
94%
m.A.A.d City 879,441,308 Kendrick Lamar, Mc Eiht
94%
Poetic Justice 687,276,457 Kendrick Lamar, Drake
94%
Sing About Me, I’m Dying of Thirst 231,175,009 Kendrick Lamar
94%
Money Trees 2,062,806,273 Kendrick Lamar, Jay Rock
91%
Swimming Pools (Drank) 1,039,072,595 Kendrick Lamar
91%
Compton 100,141,245 Kendrick Lamar, Dr. Dre
86%
Bitch, Don't Kill My Vibe 899,246,336 Kendrick Lamar
83%
Backseat Freestyle 494,392,226 Kendrick Lamar
74%
Sherane a.k.a Master Splinter’s Daughter 86,182,586 Kendrick Lamar
74%
Real 102,999,835 Kendrick Lamar, Anna Wise
69%
The Art of Peer Pressure 146,439,543 Kendrick Lamar
66%
The Recipe - Bonus Track 251,288,522 Kendrick Lamar, Dr. Dre
54%
Black Boy Fly - Bonus Track 43,087,385 Kendrick Lamar
51%
Now or Never - Bonus Track 113,423,920 Kendrick Lamar, Mary J. Blige
51%
No matching quizzes found
Score Distribution
Percent of People with Each Score
Percentile by Number Answered
Your Score History
You have not taken this quiz since the last reset